00855 2200241 4500001002100000005001700021008004100038035002400079082001600103090002300119111005700142245005500199260018700254300003200441500003100473650002100504700002400525700001300549850001500562980001500577985000600592999001500598YOGYA-0209000001779820090227022812.0 ind  0010-020900000017798 a615.8959824 a615.8959824bPro P aPROYEK INVENTARISAI DAN PEMBINAAN NILAI-NILAI BUDAYA aPola-pola pengobatan tradisional daerah Jawa Timur aJakartabDepartemen Pendidikan dan Kebudayaan Direktorat Jenderal Kebudayaan direktorat Sejarah dan Nilai Tradisional Proyek Inventarisasi dan Pembinaan Nilai-nilai Budayac1990-1991 axviii, 161 hlmbilusc24 cm aBibliografi : hlm. 151-152 aObat tradisional aKartikasari, Tatiek aSuratmin aYOPDYOG(B) a14-02-2006 a1 ad000015675